| 000 | 00371nam a2200145Ia 4500 | ||
|---|---|---|---|
| 005 | 20250423100954.0 | ||
| 008 | 250422s9999 xx 000 0 und d | ||
| 020 | _a9780751874 | ||
| 245 | 0 | _aSource book on political parties’ manifestoes constitutions | |
| 260 | _aAbuja | ||
| 260 | _bNational Orientation Agency | ||
| 260 | _c2011 | ||
| 300 | _a1633 p | ||
| 942 | _cBK | ||
| 999 |
_c34903 _d34903 |
||